Discurso leído en la solemne apertura del Curso Académico de 1949-50 (Record no. 23410)
[ view plain ]
| 000 -LEADER | |
|---|---|
| campo de control de longitud fija | 00782nam a2200205 i 4500 |
| 001 - NÚMERO DE CONTROL | |
| campo de control | 23410 |
| 003 - IDENTIFICADOR DE NÚMERO DE CONTROL | |
| campo de control | ES-MaACL |
| 005 - FECHA Y HORA DE LA ÚLTIMA TRANSACCIÓN | |
| campo de control | 20250810063022.0 |
| 007 - CAMPO FIJO DE DESCRIPCIÓN FÍSICA--INFORMACIÓN GENERAL | |
| campo de control de longitud fija | t| |
| 008 - DATOS DE LONGITUD FIJA--INFORMACIÓN GENERAL | |
| campo de control de longitud fija | 021210s1949 sp ||||1| spa d |
| 100 1# - ENTRADA PRINCIPAL--NOMBRE DE PERSONA | |
| Nombre de persona | Álvarez-Gendín, Sabino, |
| Fechas asociadas al nombre | 1895-1983 |
| 9 (RLIN) | 20820 |
| 245 10 - MENCIÓN DEL TÍTULO | |
| Título | Discurso leído en la solemne apertura del Curso Académico de 1949-50 |
| Resto del título | : tema : los judíos en el mundo y en España / |
| Mención de responsabilidad, etc. | por Sabino Alvarez-Gendín. |
| 260 ## - PUBLICACIÓN, DISTRIBUCIÓN, ETC. | |
| Lugar de publicación, distribución, etc. | Oviedo : |
| Nombre del editor, distribuidor, etc. | [s.n., |
| Fecha de publicación, distribución, etc. | 1949] ( |
| Fabricante | Tall. Tip. La Cruz) |
| 300 ## - DESCRIPCIÓN FÍSICA | |
| Extensión | VII, 93 p. ; |
| Dimensiones | 25 cm. |
| 500 ## - NOTA GENERAL | |
| Nota general | Precede a tít.: Universidad Literaria de Oviedo. |
| 710 2# - ENTRADA AGREGADA--NOMBRE DE ENTIDAD CORPORATIVA | |
| Nombre de entidad corporativa o nombre de jurisdicción como elemento de entrada | Universidad Literaria de Oviedo. |
| 9 (RLIN) | 7389 |
| 740 4# - ENTRADA AGREGADA--TÍTULO RELACIONADO/ANALÍTICO NO CONTROLADO | |
| Título relacionado o analítico no controlado | Los judíos en el mundo y en España. |
| 852 ## - LOCALIZACIÓN | |
| Ubicación | ES-MaACL |
| Número de control de estantería | 1902-F-22 |
| Sublocalización o colección | R.29014 |
| Estatus retirado | Estado de pérdida | Estado de daño | No para préstamo | Colección | Biblioteca de origen | Biblioteca actual | Ubicación en estantería | Fecha de adquisición | Fuente de adquisición | Total de préstamos | Signatura topográfica completa | Código de barras | Visto por última vez | Precio de reemplazo | Tipo de ítem Koha |
|---|---|---|---|---|---|---|---|---|---|---|---|---|---|---|---|
| Colección de folletos | Biblioteca del Ateneo de Madrid | Biblioteca del Ateneo de Madrid | Depósito folletos | 17/01/2008 | 1902-F-22 | 1024120 | 23/02/2023 | 23/02/2023 | Folleto |
